000 00926nam a2200193Ia 4500
008 151119s9999||||xx |||||||||||||| ||und||
082 _a181.4
082 _bGKKV8086
100 _aगोखले गो सी
245 _aश्रीसद्‍गुरु ब्रम्हचैतन्य श्रीगोदवलेकरमहाराज यांची प्रवचने
260 _a--
260 _b--
260 _c1968
600 _aगोखले गो सी
630 _aश्रीसद्‍गुरु ब्रम्हचैतन्य श्रीगोदवलेकरमहाराज यांची प्रवचने
700 _aगोखले गो सी
730 _aश्रीसद्‍गुरु ब्रम्हचैतन्य श्रीगोदवलेकरमहाराज यांची प्रवचने
942 _cBOOK
999 _c1062618
_d1062615